000 00631nam a22002052 4500
001 0000013298
005 20151217155856.0
008 090831s xx 000 0 eng d
020 _a9966940855 :
040 _aKABU
_cKABU
110 2 _aCentral Bank of Kenya.
_@0000152522
245 1 0 _aKenya :
_bportrait of a country heritage and diversity /
_cCentral Bank of Kenya.
250 _a1st ed.
260 _aNairobi :
_bTransafrica,
_c2008.
300 _a304 p.
651 0 _aKenya
_xEconomic conditions.
_@0000148722
852 1 _9p1000 KES
908 _a090831
950 _@1
999 _c13624
_d13624